[Event "Challenge"]
[Site "http://www.queenalice.com/game.php?id=401099"]
[Date "2008.5.10"]
[Round "-"]
[White "fictionist"]
[Black "brankat15"]
[Result "0-1"]
[WhiteElo "1798"]
[BlackElo "1970"]

1. e4 e6 2. d4 d5 3. Nd2 c5 4. Ngf3 a6 5. c3 cxd4 6. Nxd4 dxe4 7. Nxe4 e5 8. Nf3
Qxd1+ 9. Kxd1 Nc6 10. Be3 f5 11. Ned2 Nf6 12. Nc4 f4 13. Bb6 Nd5 14. Kc2 Bf5+
15. Bd3 e4 16. Rhe1 Ndb4+ 17. cxb4 Nxb4+ 18. Kb3 Nxd3 19. Re2 Nc5+ 20. Bxc5 Bxc5
21. Nfd2 O-O 22. Nxe4 Bxe4 23. Rxe4 f3 24. g3 Bxf2 25. Rf1 Bc5 26. Ne5 Rae8 27.
Kc4 Ba7 28. Kd3 f2 29. Ng4 Rd8+ 30. Ke2 Rc8 31. Ne3 Rfe8 0-1

[Event "Challenge"]
[Site "http://www.queenalice.com/game.php?id=424274"]
[Date "2008.6.28"]
[Round "-"]
[White "brankat15"]
[Black "RonB52734"]
[Result "1-0"]
[WhiteElo "1979"]
[BlackElo "1153"]

1. e4 e5 2. Nc3 Nc6 3. Nf3 Nf6 4. Bb5 a6 5. Ba4 b5 6. Bb3 Be7 7. d3 d6 8. a4 b4
9. Nd5 a5 10. O-O O-O 11. h3 Ba6 12. Nxe7+ Qxe7 13. Re1 h6 14. Nh4 Kh7 15. Nf5
Qd8 16. Qd2 Ng8 17. Bd5 Bb7 18. c3 Rb8 19. d4 Nce7 20. Bxb7 Rxb7 21. cxb4 Rxb4
22. dxe5 dxe5 23. Qc2 Nf6 24. Rd1 Qe8 25. Bd2 Rxe4 26. Nxe7 Qxe7 27. f3 Ng4 28.
hxg4 1-0

[Event "Challenge"]
[Site "http://www.queenalice.com/game.php?id=430343"]
[Date "2008.7.9"]
[Round "-"]
[White "brankat15"]
[Black "fictionist"]
[Result "1-0"]
[WhiteElo "1981"]
[BlackElo "1988"]

1. d4 Nf6 2. c4 e6 3. Nf3 b6 4. Nc3 Bb7 5. a3 Be7 6. d5 O-O 7. e4 exd5 8. cxd5
d6 9. Bd3 Nbd7 10. O-O c6 11. dxc6 Bxc6 12. Nd4 Bb7 13. Bc2 Nc5 14. Re1 Re8 15.
b4 Ncd7 16. Nf5 Ne5 17. Ba4 Bc6 18. Bxc6 Nxc6 19. Bg5 Qd7 20. Nxe7+ Nxe7 21.
Bxf6 gxf6 22. Re3 Qe6 23. Nb5 1-0

[Event "Let's Play Chess!"]
[Site "http://www.queenalice.com/game.php?id=478538"]
[Date "2008.10.17"]
[Round "-"]
[White "dnptrs"]
[Black "brankat15"]
[Result "0-1"]
[WhiteElo "2043"]
[BlackElo "2008"]

1. d4 Nf6 2. Nf3 d5 3. e3 c5 4. Be2 Nc6 5. O-O e6 6. a3 cxd4 7. exd4 Bd6 8. c4
dxc4 9. Bxc4 O-O 10. Bg5 h6 11. Bh4 Re8 12. Nc3 g5 13. Bg3 a6 14. Qd3 Bxg3 15.
fxg3 b5 16. Bb3 Bb7 17. Ne2 Na5 18. Ba2 Rc8 19. Qe3 Nd5 20. Qd2 Nc4 21. Bxc4
Rxc4 22. Ne5 Rc7 23. Rf2 f6 24. Nf3 Kg7 25. Rc1 Ne7 26. Rxc7 Qxc7 27. Nc3 Qb6
28. Qe3 Nf5 29. Qe2 Nxd4 30. Qe3 Nxf3+ 31. Rxf3 Qxe3+ 32. Rxe3 f5 33. Rd3 Kf6
34. Rd6 Re7 35. Rb6 Ke5 36. a4 bxa4 37. Nxa4 Rc7 38. Nc5 Rxc5 39. Rxb7 Rb5 40.
Ra7 a5 41. h4 g4 42. Kf1 h5 43. b3 Ke4 44. Ke2 e5 0-1

[Event "Let's Play Chess!"]
[Site "http://www.queenalice.com/game.php?id=478540"]
[Date "2008.10.17"]
[Round "-"]
[White "brankat15"]
[Black "dnptrs"]
[Result "0-1"]
[WhiteElo "2025"]
[BlackElo "1988"]

1. e4 c5 2. Nf3 e6 3. d4 cxd4 4. Nxd4 Nf6 5. Nc3 Nc6 6. Ndb5 d6 7. Bf4 e5 8. Bg5
a6 9. Na3 Be6 10. Nc4 Be7 11. Bxf6 gxf6 12. Bd3 Nb4 13. Ne3 Qa5 14. Bc4 b5 15.
Bxe6 fxe6 16. a4 bxa4 17. Rxa4 Qb6 18. O-O h5 19. b3 Rc8 20. Ne2 Qb7 21. c3 Nc6
22. b4 Kf7 23. Ra2 Rcg8 24. Qd3 Nb8 25. f4 Rd8 26. f5 Qb5 27. fxe6+ Kxe6 28.
Qxb5 axb5 29. Ra5 Kd7 30. Nd5 Ke6 31. Rxb5 Rd7 32. Ng3 Na6 33. Ra5 Nc7 34. Ra7
Bd8 35. Nf5 Rhh7 36. c4 Ne8 0-1

[Event "Challenge"]
[Site "http://www.queenalice.com/game.php?id=505938"]
[Date "2008.12.11"]
[Round "-"]
[White "syracrophy"]
[Black "brankat15"]
[Result "0-1"]
[WhiteElo "1552"]
[BlackElo "2025"]

1. d4 Nf6 2. Nf3 e6 3. Bg5 c5 4. e3 h6 5. Bh4 cxd4 6. exd4 b6 7. Bd3 Bb7 8. O-O
Be7 9. Nbd2 O-O 10. Qe2 Nc6 11. c3 Nh5 12. Bxe7 Nxe7 0-1

[Event "Challenge"]
[Site "http://www.queenalice.com/game.php?id=513768"]
[Date "2008.12.28"]
[Round "-"]
[White "fhazzick"]
[Black "brankat15"]
[Result "1/2-1/2"]
[WhiteElo "2106"]
[BlackElo "2050"]

1. e4 e6 2. d4 d5 3. Nd2 c5 4. Ngf3 Nf6 5. e5 Nfd7 6. Bb5 a6 7. Bxd7+ Bxd7 8.
O-O Nc6 9. dxc5 Bxc5 10. Nb3 Bb6 11. Re1 O-O 12. Be3 Bxe3 13. Rxe3 b6 14. Nbd4
Rc8 15. Nxc6 Rxc6 16. Nd4 Rc4 17. c3 Qg5 18. Qe2 Rfc8 19. Rd1 b5 20. Rg3 Qe7 21.
Qg4 1/2-1/2

[Event "Challenge"]
[Site "http://www.queenalice.com/game.php?id=555314"]
[Date "2009.3.13"]
[Round "-"]
[White "brankat15"]
[Black "ahmadov"]
[Result "1-0"]
[WhiteElo "2052"]
[BlackElo "1928"]

1. d4 d5 2. c4 e6 3. Nc3 Bb4 4. e3 Nf6 5. Nf3 O-O 6. a3 Bxc3+ 7. bxc3 c6 8. Bd3
Nbd7 9. O-O c5 10. cxd5 exd5 11. c4 dxc4 12. Bxc4 Nb6 13. Be2 cxd4 14. Nxd4 Nbd5
15. Bb2 Be6 16. Nxe6 fxe6 17. Rc1 Rc8 18. Rxc8 Qxc8 19. Qd4 a6 20. Qe5 Qd7 21.
e4 Nb6 22. Bd4 Nc8 23. Rd1 Qf7 24. Bc4 Re8 25. Bb3 1-0

[Event "Challenge #1"]
[Site "http://www.queenalice.com/game.php?id=597835"]
[Date "2009.6.3"]
[Round "-"]
[White "Aylton"]
[Black "brankat15"]
[Result "0-1"]
[WhiteElo "2013"]
[BlackElo "2063"]

1. d4 Nf6 2. c4 e6 3. Nc3 d5 4. e3 c5 5. Nf3 a6 6. a3 dxc4 7. Bxc4 b5 8. Be2 Bb7
9. O-O Nbd7 10. dxc5 Bxc5 11. b4 Be7 12. Bb2 O-O 13. h3 Nb6 14. Qxd8 Rfxd8 15.
Rfd1 Bd6 16. Rac1 Rac8 17. Kf1 Nc4 18. Bxc4 Rxc4 19. Nd4 Kf8 20. f3 Rd7 21. Nce2
Nd5 22. Rxc4 Nxe3+ 23. Ke1 Nxd1 24. Kxd1 bxc4 25. Bc3 e5 26. Nc2 Bxb4+ 27. Kc1
Bxc3 28. Nxc3 Ke7 29. Nb4 a5 30. Nc2 Bc6 31. a4 Rd3 32. Nb5 Bxb5 33. axb5 Rb3
0-1

[Event "Challenge #2"]
[Site "http://www.queenalice.com/game.php?id=597836"]
[Date "2009.6.3"]
[Round "-"]
[White "brankat15"]
[Black "Aylton"]
[Result "1-0"]
[WhiteElo "2077"]
[BlackElo "2013"]

1. e4 e5 2. Nf3 Nc6 3. Bb5 a6 4. Ba4 Nf6 5. O-O b5 6. Bb3 Be7 7. Re1 d6 8. c3
Bg4 9. h3 Bh5 10. d3 O-O 11. a4 Na5 12. Ba2 c5 13. Nbd2 Qd7 14. b4 Nb7 15. axb5
axb5 16. bxc5 Nxc5 17. Qc2 Rfb8 18. d4 exd4 19. cxd4 Ne6 20. Bb2 h6 21. Bb3 Rxa1
22. Rxa1 Rc8 23. Qd3 Bg6 24. Qe3 Qb7 25. Bxe6 fxe6 26. d5 Ra8 27. Rxa8+ Qxa8 28.
dxe6 Nxe4 29. Nxe4 Qxe4 30. Qc3 Bf6 31. Qc8+ Kh7 32. Bxf6 gxf6 33. Qd7+ Kg8 34.
Qxd6 b4 35. Qd8+ Kg7 36. Qe7+ Kg8 37. Qxf6 b3 38. Nd2 Qe1+ 39. Kh2 Kh7 40. Nxb3
1-0

[Event "Challenge"]
[Site "http://www.queenalice.com/game.php?id=620943"]
[Date "2009.7.18"]
[Round "-"]
[White "rheenz"]
[Black "brankat15"]
[Result "0-1"]
[WhiteElo "2128"]
[BlackElo "2090"]

1. e4 c5 2. Nf3 d6 3. d4 cxd4 4. Nxd4 Nf6 5. Nc3 a6 6. Be3 e5 7. Nb3 Be6 8. Be2
Be7 9. O-O O-O 10. f3 Nbd7 11. a4 Nb6 12. Nd2 d5 13. exd5 Nbxd5 14. Nxd5 Nxd5
15. Bf2 Rc8 16. Re1 Nf4 17. Bf1 Bc5 18. Bxc5 Rxc5 19. c3 Rd5 20. Qb3 Rxd2 21.
Qb4 Qh4 22. Qb6 Nxg2 23. Re2 Rxe2 24. Bxe2 Nf4 25. Bf1 Bd5 26. Qf2 Qh5 27. Qg3
Bxf3 28. Kf2 Rd8 29. Qxf3 Qxh2+ 30. Ke3 Qxb2 0-1

[Event "Challenge"]
[Site "http://www.queenalice.com/game.php?id=620944"]
[Date "2009.7.18"]
[Round "-"]
[White "brankat15"]
[Black "rheenz"]
[Result "1-0"]
[WhiteElo "2114"]
[BlackElo "2116"]

1. e4 e6 2. d4 d5 3. Nd2 c5 4. Ngf3 Nc6 5. exd5 exd5 6. Bb5 Bd7 7. O-O Be7 8.
dxc5 Bxc5 9. Nb3 Bb6 10. Qxd5 Nge7 11. Qg5 O-O 12. Rd1 Qc8 13. Bf4 Bg4 14. Be2
h6 15. Qb5 Qf5 16. Qxf5 Bxf5 17. Nbd4 Nxd4 18. Nxd4 Bxd4 19. Rxd4 Nc6 20. Rd2
Rac8 21. Rad1 Be6 22. b3 a6 23. Bf3 b5 24. a4 bxa4 25. bxa4 Nb4 26. Bd6 a5 27.
Bxf8 Rxf8 28. c3 Na6 29. Bd5 Nc5 30. Bxe6 Nxe6 31. Rd5 Ra8 32. f3 Kh7 33. Kf2
Kg6 34. Ke3 Rc8 35. Rxa5 Rxc3+ 36. Rd3 Rc2 37. Rd2 Rc3+ 38. Kf2 Ra3 39. Ra7 1-0

[Event "Challenge #3"]
[Site "http://www.queenalice.com/game.php?id=633064"]
[Date "2009.8.8"]
[Round "-"]
[White "Aylton"]
[Black "brankat15"]
[Result "1/2-1/2"]
[WhiteElo "2077"]
[BlackElo "2136"]

1. d4 Nf6 2. Nf3 d5 3. e3 c5 4. h3 Nc6 5. c4 cxd4 6. exd4 e6 7. Nc3 Bb4 8. cxd5
Nxd5 9. Bd2 O-O 10. a3 Be7 11. Be2 Bf6 12. Nxd5 Qxd5 13. Be3 Rd8 14. O-O Nxd4
15. Nxd4 Bxd4 16. Bf3 Qe5 17. Bxd4 Rxd4 18. Qb3 Rb8 19. Rfe1 Qa5 20. Rac1 a6 21.
Qe3 Qd8 22. Red1 Rxd1+ 23. Rxd1 Qc7 24. Qd4 h6 25. Qd8+ Qxd8 26. Rxd8+ Kh7 27.
b4 Ra8 28. Kf1 Kg6 29. Ke2 Kf5 30. Kd3 Kg6 31. Kd4 Kf6 32. Kc5 Ke7 33. Rh8 a5
34. bxa5 Rxa5+ 35. Kb4 Ra8 36. a4 f5 37. a5 e5 38. Bd5 Kd6 39. Bc4 Ke7 40. Bd5
Kd6 41. Bc4 Ke7 42. Rg8 g5 43. Rh8 h5 44. Rxh5 Kf6 45. Rh8 Ke7 46. f3 Rb8 47.
Kc5 Ra8 48. Kb4 Rb8 1/2-1/2

[Event "Challenge #4"]
[Site "http://www.queenalice.com/game.php?id=633065"]
[Date "2009.8.8"]
[Round "-"]
[White "brankat15"]
[Black "Aylton"]
[Result "1-0"]
[WhiteElo "2106"]
[BlackElo "1975"]

1. d4 Nf6 2. c4 e6 3. Nf3 d5 4. Nc3 h6 5. e3 c6 6. Bd3 Be7 7. O-O O-O 8. e4 dxc4
9. Bxc4 b5 10. Bd3 Bb7 11. Be3 a6 12. e5 Nd5 13. Nxd5 cxd5 14. Qd2 f5 15. a4
bxa4 16. Rxa4 Nc6 17. Rfa1 a5 18. Rc1 g5 19. Qd1 Bb4 20. Ne1 Qe7 21. Nc2 f4 22.
Bd2 Bxd2 23. Qxd2 Kg7 24. Qe2 Rac8 25. Ne1 Qc7 26. Rc3 Rh8 27. Qg4 Qf7 28. Nf3
Kf8 29. Bb5 Qd7 30. Rxa5 Qe7 31. Ra4 Rg8 32. Rc5 Kf7 33. b4 Rc7 34. Qh5+ Kg7 35.
Bd3 Qf7 36. Qxf7+ Kxf7 37. b5 Rgc8 38. bxc6 Bxc6 39. Raa5 Ke7 40. Nd2 Kd7 41.
Nb3 Rb8 42. Rc3 Kc8 43. Rac5 Kd7 44. Na5 Rbc8 45. Rxc6 Rxc6 46. Bb5 1-0

[Event "Challenge"]
[Site "http://www.queenalice.com/game.php?id=661479"]
[Date "2009.10.2"]
[Round "-"]
[White "rheenz"]
[Black "brankat15"]
[Result "1/2-1/2"]
[WhiteElo "2442"]
[BlackElo "2156"]

1. Nf3 d5 2. d4 Nf6 3. Bf4 c5 4. dxc5 e6 5. e3 Bxc5 6. Nbd2 Nc6 7. c3 O-O 8. Bg5
h6 9. Bh4 e5 10. Nb3 Be7 11. Be2 Bf5 12. Bxf6 Bxf6 13. O-O Rc8 14. Qd2 Qd6 15.
Rfd1 Ne7 16. h3 Qe6 17. Kh2 a6 18. Ng1 b5 19. Bf3 e4 20. Be2 Qd6+ 21. g3 Bd7 22.
a3 g6 23. Bf1 Qb6 24. Bg2 Rc4 25. Ne2 Be5 26. Nf4 Bxf4 27. gxf4 Rd8 28. Rg1 Qf6
29. f3 Qh4 30. Qe1 Qxe1 31. Rgxe1 f5 32. Nd4 Kg7 33. h4 Nc6 34. Rac1 Nxd4 35.
exd4 Kf6 36. Kg1 Rf8 37. Kf2 Rf7 38. Rh1 Re7 39. Rce1 Be8 40. Ke3 Bf7 41. Kd2
Rc6 42. Rhg1 Rce6 43. Re3 h5 44. Bh1 Rb6 45. Bg2 Rbe6 46. Bh1 Rc6 47. Ra1 Rec7
48. Ra2 a5 49. b4 Ra7 50. bxa5 Rxa5 51. Re1 Rc4 52. Rb1 Be8 53. Rb3 Bd7 54. Bg2
Ke7 55. Ra1 Kf6 56. Bf1 Rc8 57. Ke3 Rc6 58. Be2 Rca6 59. Bf1 Be8 1/2-1/2

[Event "Challenge"]
[Site "http://www.queenalice.com/game.php?id=661480"]
[Date "2009.10.2"]
[Round "-"]
[White "brankat15"]
[Black "rheenz"]
[Result "1-0"]
[WhiteElo "2134"]
[BlackElo "2456"]

1. d4 Nf6 2. c4 g6 3. Nc3 Bg7 4. e4 d6 5. Nf3 Nbd7 6. Be2 O-O 7. O-O e5 8. Qc2
exd4 9. Nxd4 h6 10. Rd1 a6 11. Be3 Ne5 12. h3 Ned7 13. f3 Kh7 14. Kh1 Nh5 15.
Bd3 Ne5 16. g4 c5 17. Nb3 Qh4 18. Qg2 Ng3+ 19. Kh2 Nxd3 20. Rxd3 Nxe4 21. Nxe4
Qe7 22. Bf4 Be5 23. Bxe5 Qxe5+ 24. Kh1 b5 25. Rxd6 f5 26. gxf5 Qxf5 27. Nbxc5
Qxh3+ 28. Qxh3 Bxh3 29. Rg1 g5 30. f4 Rxf4 31. Nf6+ Kh8 32. Nh5 Rf7 33. Kh2 Bf5
34. Rxh6+ Rh7 35. Rxh7+ Bxh7 36. Rxg5 bxc4 37. Nd7 Rg8 38. Rxg8+ Bxg8 39. a3 Be6
40. Ne5 Kg8 41. Nf4 Bf5 42. Nd5 Bb1 43. Nxc4 Ba2 44. Ncb6 Bb3 45. Nb4 a5 46. Nc6
a4 47. Nd4 Bd1 48. Nb5 Kf7 49. Nc3 1-0

[Event "A new game "]
[Site "http://www.queenalice.com/game.php?id=866384"]
[Date "2010.12.1"]
[Round "2"]
[White "brankat15"]
[Black "PhonyBenoni"]
[Result "1-0"]
[WhiteElo "2171"]
[BlackElo "2038"]

1. d4 Nf6 2. c4 c5 3. d5 e6 4. Nc3 exd5 5. cxd5 d6 6. Nf3 g6 7. h3 a6 8. e4 b5
9. Bd3 Bg7 10. O-O c4 11. Bc2 O-O 12. Bf4 Re8 13. Re1 Nh5 14. Bg5 Qa5 15. Nd4
Bb7 16. Qd2 Nd7 17. Bh6 b4 18. Nce2 Nc5 19. Bxg7 Kxg7 20. f3 Qb6 21. Kh1 a5 22.
g4 Nf6 23. Rac1 Nfd7 24. Kg2 Ne5 25. Rf1 Ba6 26. Qg5 h6 27. Nf5+ Kg8 28. Nxh6+
Kh7 29. Qh4 Qd8 30. g5 Kg7 31. Rce1 Ned3 32. Rb1 Re5 33. f4 Rxe4 34. Ng3 Qe8 35.
Ng4 Rxf4 36. Nf5+ Rxf5 37. Rxf5 Qe4+ 38. Kh2 Rh8 39. Rxf7+ Kxf7 40. Qxh8 Qf4+
41. Kg2 Bb7 42. Rf1 Bxd5+ 43. Kg1 Bf3 44. Nh6+ 1-0

[Event "A new game "]
[Site "http://www.queenalice.com/game.php?id=959065"]
[Date "2011.7.10"]
[Round "3"]
[White "GridKnit"]
[Black "brankat15"]
[Result "0-1"]
[WhiteElo "1615"]
[BlackElo "2179"]

1. b3 e5 2. Bb2 Nc6 3. e3 Nf6 4. Bb5 e4 5. Ne2 a6 6. Bxc6 dxc6 7. Ng3 Bg4 8.
Bxf6 Qxf6 9. Qxg4 Qxa1 10. Qxe4+ Be7 11. O-O Qf6 12. d4 O-O 13. c4 Rfe8 14. Qd3
Rad8 15. Nc3 c5 16. d5 c6 17. Rd1 Bd6 18. Nge4 Qg6 19. Nxd6 Qxd3 20. Rxd3 Rxd6
21. f3 cxd5 22. Nxd5 Red8 23. e4 f6 24. Kf2 Kf7 25. g4 b5 26. Rc3 b4 27. Rc1 h5
28. Kg3 hxg4 29. Kxg4 Ke6 30. Rd1 a5 31. a4 g5 32. Nc7+ Ke5 33. Nd5 Rh8 34. Kg3
Rd7 35. h3 f5 36. exf5 Kxf5 37. Ne3+ Ke6 38. Nd5 Rdh7 39. Re1+ Kd6 40. Rh1 Rf7
41. Rd1 Kc6 42. Re1 Rh6 43. Re5 Rfh7 44. Rxg5 Rxh3+ 45. Kf2 Rh2+ 46. Ke3 Rb2 47.
Rg6+ Kb7 48. Rb6+ Kc8 49. Rc6+ Kd8 50. Rxc5 Rxb3+ 51. Ke4 Ra7 52. f4 Ra3 53. Nb6
b3 54. Rb5 Re7+ 55. Kd4 Re2 56. Nd5 b2 57. Nc3 Rd2+ 58. Ke3 Rd7 0-1